000 00528nam a22001937a 4500
003 CEME
005 20210628210137.0
008 210215b xxu||||| |||| 00| 0 eng d
020 _a0-02-860333-8
040 _c.
082 _a423 WEB
100 _aGuralnik, David.B Neufeldt, Victoria
_978284
245 _aWebsters new world college dictionary
250 _a3RD
260 _aUSA
_bMACMILLAN
_c1996
300 _a1574P
650 _aDICTIONARY-WEBSTERS NEW WORLD ENGLISH LANGUAGE DICTIONARIES
_978285
942 _cBK
_2ddc
999 _c583432
_d583432